000 00503nam a2200181Ia 4500
008 240925s9999 xx 000 0 und d
020 _a471393428
082 _a658.404 KER
100 _aKerzner, Harold
245 0 _aProject Management: a system approach to planning, scheduling and cntrolling
250 _a7th
260 _aNew York:
_bJohn Wiley & Sons
_c,2001.
300 _axxiii,463p.
_bNA
_fPirated
500 _aIncludes Index
600 _aManagement
650 _aManagement
942 _cBK
999 _c7950
_d7950